Dinamica de sistemas y control / (Registro nro. 10125)

Detalles MARC
000 -LEADER
fixed length control field 01155nam a2200289 4500
001 - CONTROL NUMBER
control field 0000019349
003 - CONTROL NUMBER IDENTIFIER
control field CO-CtgCURN
005 - DATE AND TIME OF LATEST TRANSACTION
control field 20250329190959.0
007 - PHYSICAL DESCRIPTION FIXED FIELD--GENERAL INFORMATION
fixed length control field ta
008 - FIXED-LENGTH DATA ELEMENTS--GENERAL INFORMATION
fixed length control field 160627s2001 000 0 eng d
020 ## - INTERNATIONAL STANDARD BOOK NUMBER
International Standard Book Number 970686041X
040 ## - CATALOGING SOURCE
Original cataloging agency CO-CtgCURN
Language of cataloging spa
Transcribing agency coctgcurn
082 0# - DEWEY DECIMAL CLASSIFICATION NUMBER
Classification number 629.83
Item number U53d
100 1# - MAIN ENTRY--PERSONAL NAME
Personal name Umez, Eronini.
245 10 - TITLE STATEMENT
Title Dinamica de sistemas y control /
Statement of responsibility, etc. Eronini Umez.
260 ## - PUBLICATION, DISTRIBUTION, ETC.
Place of publication, distribution, etc. Mexico :
Name of publisher, distributor, etc. Thomson,
Date of publication, distribution, etc. 2001.
300 ## - PHYSICAL DESCRIPTION
Extent 993 p.
336 ## - CONTENT TYPE
Source rdacontent
337 ## - MEDIA TYPE
Source rdamedia
Media type term sin mediacion
Media type code n
338 ## - CARRIER TYPE
Source rdacarrier
Carrier type term volumen
Carrier type code nc
500 ## - GENERAL NOTE
General note Incluye indice y apendice.
505 8# - FORMATTED CONTENTS NOTE
Formatted contents note Modelo fisico y construcción de modelo.--La solucion a los modelos.--Diseño de sistemas.--Concepto de sistemas dinamicos y estaticos.--Definicion de un sistema.--Introducción de componentes de comportamiento mecanico.--Algunos componentes de comportamiento electrico.--Modelos de sistemas de ingenieria en el espacio de estados
650 14 - SUBJECT ADDED ENTRY--TOPICAL TERM
Topical term or geographic name entry element Dinamica
Form subdivision Problemas, ejercicios, etc.
908 ## - PUT COMMAND PARAMETER (RLIN)
Put command parameter 160627
942 ## - ADDED ENTRY ELEMENTS (KOHA)
Koha item type Libros
Classification part 629.83
Item part U53d
Source of classification or shelving scheme Dewey Decimal Classification
Existencias
Withdrawn status Lost status Source of classification or shelving scheme Damaged status Not for loan Collection Home library Current library Shelving location Date acquired Inventory number Total checkouts Full call number Barcode Date last seen Price effective from Koha item type Public note
    Dewey Decimal Classification     General Miguel Henríquez Castañeda Miguel Henríquez Castañeda General 03/29/2025 010425   629.83 U53d 010425 03/29/2025 03/29/2025 Libros 620-ING&OP